=LDR 00000nam 2200000 4500 =001 NUTBA000000000003265 =005 20140812114150.0 =006 =007 =008 =020 ##$$a 978-979-29-2717-7 =035 ##$$0010-081400000000109 =040 ##$$a NBPDMAT =082 ##$$a 510.076 =090 ##$$a 510.076 $b She i =100 ##$$a Sheila Putri Syarah =245 ##$$a I M - 3 ( IPA ) intisari matematika 3 untuk SMA / MA kelas XII IPA / $c Sheila Putri Syarah =250 ##$$a Cet.11 =260 ##$$a Yogyakarta : $b Andi, $c 2010 =300 ##$$a viii, 141 hlm. ; $c 24 cm. =500 ##$$a Bibliografi : hlm. 141 =650 ##$$a Matematika SMA - Studi dan Pengajaran =850 ##$$a Matematika SMA - Studi dan Pengajaran =990 ##$$a 21404927 =990 ##$$a 0001/BPAP-NTB/2016